|
|
|
|
| LEADER |
00000nam0a2200000 4500 |
| 001 |
27529 |
| 005 |
20231030202219.0 |
| 010 |
|
|
|a 5771100773
|
| 035 |
|
|
|a (RuTPU)RU\TPU\book\27780
|
| 035 |
|
|
|a BOOK00027855
|
| 090 |
|
|
|a 27529
|
| 100 |
|
|
|a 20011209d2001 m y0rusy50 ca
|
| 101 |
0 |
|
|a rus
|
| 102 |
|
|
|a RU
|
| 105 |
|
|
|a a j 000zd
|
| 200 |
1 |
|
|a Императорская Россия
|e XIX - начало XX века
|f Е. В. Анисимов
|g сост. О. И. Штофф
|
| 210 |
|
|
|a СПб.
|c Норинт
|d 2001
|
| 215 |
|
|
|a 33 с.
|c ил.
|
| 225 |
1 |
|
|a Правители и события
|
| 225 |
1 |
|
|a Иллюстрированная история Отечества
|
| 600 |
|
0 |
|a Александр
|d I
|f 1777-1825
|c российский император с 1801 г.
|c из династии Романовых
|2 stltpui
|3 (RuTPU)RU\TPU\pers\8
|
| 600 |
|
0 |
|a Николай
|d I
|c российский император из династии Романовых
|f 1796-1855
|2 stltpush
|3 (RuTPU)RU\TPU\pers\7201
|
| 600 |
|
0 |
|a Александр
|d II
|f 1818-1881
|c российский император император с 1855 г.
|c из династии Романовых
|2 stltpui
|3 (RuTPU)RU\TPU\pers\547
|
| 600 |
|
0 |
|a Николай
|d II
|f 1868-1918
|c последний российский император
|c из династии Романовых
|2 stltpui
|3 (RuTPU)RU\TPU\pers\336
|
| 600 |
|
0 |
|a Александр
|d III
|c российский император с 1881 г.
|f 1845-1894
|c из династии Романовых
|2 stltpui
|3 (RuTPU)RU\TPU\pers\548
|
| 610 |
1 |
|
|a история
|
| 610 |
1 |
|
|a Россия
|
| 610 |
1 |
|
|a государственные деятели
|
| 610 |
1 |
|
|a 19 век
|
| 610 |
1 |
|
|a 20 век
|
| 686 |
|
|
|a Т3(2)47
|v LBC/SL-A
|2 rubbk
|
| 686 |
|
|
|a Т3(2)52
|v LBC/SL-A
|2 rubbk
|
| 700 |
|
1 |
|a Анисимов
|b Е. В.
|g Евгений Викторович
|
| 702 |
|
1 |
|a Штофф
|b О. И.
|4 220
|
| 801 |
|
0 |
|a RU
|b 63413507
|c 20011209
|g PSBO
|
| 801 |
|
2 |
|a RU
|b 63413507
|c 20060103
|g PSBO
|
| 942 |
|
|
|c BK
|